| 000 | 00375nam a22001577a 4500 | ||
|---|---|---|---|
| 003 | SGT | ||
| 020 | _a9789883864640 | ||
| 082 |
_a615.53 _bH15C |
||
| 100 | _aCCRS, MINISTRY OF AYUSH | ||
| 245 | _aHERBAL WEALTH OF UTTARAKHAND | ||
| 260 |
_aNEW DELHI _bCCRAS _c2015 |
||
| 300 | _a845 | ||
| 650 | _aAYURVEDA | ||
| 653 | _aAYUSH ,HERBAL, WEALTH , UTTARAKHAND | ||
| 942 |
_2ddc _cBK |
||
| 999 |
_c34637 _d34637 |
||